000 00755nam a2200253 a 4500
005 20210219153127.0
008 991125n 000 0 u
035 _aUPN01000079163
100 _aMorrison, Gale M.
222 _aJOURNAL OF YOUTH AND ADOLESCENCE
245 _aFamily profiles and adaptability, cohesion, and communication for learning handicapped and nonhandicapped adolescents
300 _a225-240
362 _a21, No. 2, 1992
505 _aJunio 1993
653 0 _aADAPTACION SOCIAL
653 0 _aADOLESCENTES
653 0 _aCARACTERISTICAS DE LA FAMILIA
653 0 _aCOMUNICACION
653 0 _aPERFILES
653 0 _aPROBLEMAS DE APRENDIZAJE
700 _aZetlin, Andrea
904 _aAC
_b016974
905 _aArticulo
999 _c68952
_d68952